BNV - BNV Termoszkocsik Szegedről /
Elmentve itt :
| Szerző: | |
|---|---|
| Dokumentumtípus: | Cikk |
| Megjelent: |
1982-05-27
|
| Sorozat: | Délmagyarország
72 No. 122 |
| Kulcsszavak: | Autójavító Vállalat |
| Online Access: | http://dmarchiv.bibl.u-szeged.hu/110147 |
| LEADER | 00466nab a2200157 i 4500 | ||
|---|---|---|---|
| 001 | delm110147 | ||
| 005 | 20190624114819.0 | ||
| 008 | 190624s1982 hu o 0|| hun d | ||
| 040 | |a SZTE Délmagyarország Archívum |b hun | ||
| 041 | |a hun | ||
| 100 | 1 | |a Nagy László | |
| 245 | 1 | 0 | |a BNV - BNV |h [elektronikus dokumentum] : |b Termoszkocsik Szegedről / |c Nagy László |
| 260 | |c 1982-05-27 | ||
| 300 | |a 1 | ||
| 490 | 0 | |a Délmagyarország |v 72 No. 122 | |
| 695 | |a Autójavító Vállalat | ||